Schaum's outline of theory and problems of vector analysis and an introduction to tensor analysis / (Record no. 178465)

000 -LEADER
fixed length control field 01227 a2200253 4500
003 - CONTROL NUMBER IDENTIFIER
control field NUST
005 - DATE AND TIME OF LATEST TRANSACTION
control field 20221121182658.0
010 ## - LIBRARY OF CONGRESS CONTROL NUMBER
LC control number 2002282198
020 ## - INTERNATIONAL STANDARD BOOK NUMBER
International Standard Book Number 007060228X
040 ## - CATALOGING SOURCE
Transcribing agency Nust
082 00 - DEWEY DECIMAL CLASSIFICATION NUMBER
Classification number 515.63,SPI
100 1# - MAIN ENTRY--PERSONAL NAME
Personal name Spiegel, Murray R.
245 10 - TITLE STATEMENT
Title Schaum's outline of theory and problems of vector analysis and an introduction to tensor analysis /
Statement of responsibility, etc. Murray R. Spiegel.
246 14 - VARYING FORM OF TITLE
Title proper/short title Vector analysis and an introduction to tensor analysis
250 ## - EDITION STATEMENT
Edition statement SI (metric) ed.
260 ## - PUBLICATION, DISTRIBUTION, ETC.
Place of publication, distribution, etc. New York :
Name of publisher, distributor, etc. McGraw-Hill,
Date of publication, distribution, etc. c1981
300 ## - PHYSICAL DESCRIPTION
Extent 225 p. :
Other physical details ill. ;
Dimensions 28 cm.
490 0# - SERIES STATEMENT
Series statement Schaum's outline series
505 ## - FORMATTED CONTENTS NOTE
Formatted contents note Vectors and Scalars (Page-1), The Dot and Cross Product (Page-16), Vector Differentiation (Page-35), Gradient Divergence and Curl (Page-57), Vector Integration (Page-82), The Divergence Theorem Stokes Theorem and Related Integral Theorems (Page-106), Curvilinear Coordinates (Page-135), Tensor Analysis (Page-166).
650 #0 - SUBJECT ADDED ENTRY--TOPICAL TERM
Topical term or geographic name entry element Vector analysis.
856 42 - ELECTRONIC LOCATION AND ACCESS
Materials specified Contributor biographical information
Uniform Resource Identifier <a href="http://www.loc.gov/catdir/enhancements/fy0739/2002282198-b.html">http://www.loc.gov/catdir/enhancements/fy0739/2002282198-b.html</a>
856 42 - ELECTRONIC LOCATION AND ACCESS
Materials specified Publisher description
Uniform Resource Identifier <a href="http://www.loc.gov/catdir/description/mh031/2002282198.html">http://www.loc.gov/catdir/description/mh031/2002282198.html</a>
942 ## - ADDED ENTRY ELEMENTS (KOHA)
Source of classification or shelving scheme
Koha item type Book
Call number prefix 515.63,SPI
Holdings
Withdrawn status Lost status Source of classification or shelving scheme Damaged status Not for loan Collection code Permanent Location Current Location Date acquired Total Checkouts Full call number Barcode Date last seen Price effective from Koha item type Shelving location Public note Date last checked out
            Military College of Signals (MCS) Military College of Signals (MCS) 12/12/2016   515.63 SPI MCS26123 12/08/2016 12/12/2016 Book      
            Military College of Signals (MCS) Military College of Signals (MCS) 12/12/2016   515.63,SPI MCS26124 12/08/2016 12/12/2016 Book General Stacks Almirah No.82, Shelf No.4  
            Military College of Signals (MCS) Military College of Signals (MCS) 12/12/2016   515.63,SPI MCS27589 12/08/2016 12/12/2016 Book General Stacks Almirah No.13, Shelf No.5  
            Military College of Signals (MCS) Military College of Signals (MCS) 12/12/2016   515.63,SPI MCS33713 12/08/2016 12/12/2016 Book General Stacks Almirah No.82, Shelf No.4  
            Military College of Signals (MCS) Military College of Signals (MCS) 12/12/2016   515.63,SPI MCS33714 12/08/2016 12/12/2016 Book General Stacks Almirah No.82, Shelf No.4  
            Military College of Signals (MCS) Military College of Signals (MCS) 12/12/2016 1 515.63,SPI MCS33715 10/29/2024 12/12/2016 Book General Stacks Almirah No.13, Shelf No.5 10/26/2024
            Military College of Signals (MCS) Military College of Signals (MCS) 12/12/2016   515.63,SPI MCS33716 12/08/2016 12/12/2016 Book General Stacks Almirah No.82, Shelf No.4  
© 2023 Central Library, National University of Sciences and Technology. All Rights Reserved.